=LDR 00000nam 2200000 4500 =001 NUTBA000000000000627 =005 20201217014107 =035 ##$$a 0010-031400000000626 =008 201217################g##########0#ind## =082 ##$$a 741.5 =090 ##$$a 028.5 kim w =100 ##$$a Kim Yoon-soo =245 1#$$a Why? happy math series vol.1 /$c KIm Yoon-soo ; alih bahasa Irene Christin =260 ##$$a Jakarta :$b PT Elexmedia Komputindo,$c 2009 =300 ##$$a 208 hlm : $b ilus ; $c 23 cm. =850 ##$$a NPBMAT =020 ##$$a 978-979-27-5926-6 =084 ##$$a 741.5 KIM w =650 #4$$a Komok-bacaan matematika =700 #$$a Irene Christin =990 ##$$a 91782/BPAP-NTB/2014 =990 ##$$a 91836/BPAP-NTB/2014 =990 ##$$a 91837/BPAP-NTB/2014 =990 ##$$a 91841/BPAP-NTB/2014 =990 ##$$a 21009499 =990 ##$$a 91782/BPAP-NTB/2014 =990 ##$$a 91836/BPAP-NTB/2014 =990 ##$$a 91841/BPAP-NTB/2014 =990 ##$$a 21008956 =990 ##$$a 91782/BPAP-NTB/2014 =990 ##$$a 21009499 =990 ##$$a 91841/BPAP-NTB/2014 =990 ##$$a 21009499 =990 ##$$a 91782/BPAP-NTB/2014 =990 ##$$a 21008956 =990 ##$$a 91841/BPAP-NTB/2014 =990 ##$$a 21008956 =990 ##$$a 91782/BPAP-NTB/2014 =990 ##$$a 21009499 =990 ##$$a 91841/BPAP-NTB/2014 =990 ##$$a 21196214/BPAP-NTB/2014 =990 ##$$a 91782/BPAP-NTB/2014 =990 ##$$a 21008956 =990 ##$$a 21009499 =990 ##$$a 21101615 =990 ##$$a 91782/BPAP-NTB/2014 =990 ##$$a 21008956 =990 ##$$a 21009499 =990 ##$$a 13121312 =990 ##$$a 07850785 =990 ##$$a 30.431 pb.2011 =990 ##$$a 91782/BPAP-NTB/2014 =990 ##$$a 21008956 =990 ##$$a 21009499 =990 ##$$a 21101615 =990 ##$$a 1201102164